Effect of Time of Sowing, Seed Rate and Seed Soaking on Grain Yield of Rainfeed Barley (Hordeum Vulgare L.) (Record no. 50352)

MARC details
000 -LEADER
fixed length control field 00449nam a22001577a 4500
003 - CONTROL NUMBER IDENTIFIER
control field OSt
008 - FIXED-LENGTH DATA ELEMENTS--GENERAL INFORMATION
fixed length control field 260430b |||||||| |||| 00| 0 eng d
082 ## - DEWEY DECIMAL CLASSIFICATION NUMBER
Classification number 633.16
Item number E42E
100 ## - MAIN ENTRY--PERSONAL NAME
Personal name Ehsanullah, Md.
245 ## - TITLE STATEMENT
Title Effect of Time of Sowing, Seed Rate and Seed Soaking on Grain Yield of Rainfeed Barley (Hordeum Vulgare L.)
260 ## - PUBLICATION, DISTRIBUTION, ETC. (IMPRINT)
Place of publication, distribution, etc Pusa, Samastipur
Name of publisher, distributor, etc RAU
Date of publication, distribution, etc 1976
300 ## - PHYSICAL DESCRIPTION
Extent 88P.
502 ## - DISSERTATION NOTE
Degree type Msc.
Year degree granted 1976
650 ## - SUBJECT ADDED ENTRY--TOPICAL TERM
Topical term or geographic name as entry element Agronomy
942 ## - ADDED ENTRY ELEMENTS (KOHA)
Source of classification or shelving scheme
Koha item type Thesis

No items available.

Hosted, Implemented, Customized & Maintained by: BestBookBuddies

Powered by Koha